Регионална библиотека "Любен Каравелов" - Русе

Жизел (Запис номер 447699)

MARC детайли
000 -Лидер
Контролно поле с фиксирана дължина 00873nam a2200253 a 4500
003 - Код на организацията, давaща контролен номер
Контролно поле BLK
005 - Дата и час на последна редакция
Контролно поле 20230628134423.0
008 - Елементи от данни с фиксирана дължина
fixed length control field 220302b bul|||||r ||||||| ||bul||
040 ## - Източник на каталожния запис
Идентификатор на билиотеката - собственик на записа BLK
041 ## - Код за език
Код за езика на текст/звукозапис или на отделно заглавие Български
Код за езика КДБФ Български
080 ## - УДК
Текстов определител УДК Балети
УДК код - определител по УДК 78.085.5
УДК определител (497.215)(062)
УДК - код + определител 78.085.5(497.215)(062)
110 ## - Редна дума - колетивен орган
9 (RLIN) 471265
Редна дума - наименование на организация или юридическо лице Държавна опера - Русе
139 ## - Редно поле
Авторски знак Дър - Д 96
245 10 - Сведения за заглавието
Заглавие Жизел
Подзаглавни данни Балет в 2 действия и пролог, музика Адолф Адам
Физически носител (вид на носителя) [Малотир. изд.]
260 ## - Област на издателските данни
Място на издаване, разпространение и проч. Русе
Име на издателя, разпространителя и проч. б. и.
Година на издаване 1958
300 ## - Физическа характеристика
Страници 16 с.
Илюстрации и др. с ил.
Размери/Мащаб 20 см
380 ## - Жанр
Жанр Изкуство
500 ## - Общи забележки
Забележка Диригент Борис Хинчев
653 #0 - Ключова дума – ненормативна
9 (RLIN) 471045
Ключова дума Русенска опера
653 #7 - Ключова дума – ненормативна
9 (RLIN) 181607
Ключова дума балет
852 ## - Местоположение
Фондова буква Краезнание
Систематично-азбучна сигнатура К 78/Д 96
999 ## - СИСТЕМНИ КОНТРОЛНИ НОМЕРА
Koha biblionumber 447699
Koha biblioitemnumber 447699
942 ## - АРТИКУЛИ
Вид на библиотечния материал Книги
Скрит в OPAC Не
Периодичен библиозапис Да
Koha issues (borrowed), all copies 1
944 ## - СЪЗДАВАНЕ И РЕДАКЦИЯ на ЗАПИСА
Създаване/Редакция Създаване
Дата на регистрацията/редакция 2022-03-08
Служител, извършил регистрацията/редакцията Христина Везирева
Наличности
Код за отписване Код за изгубен артикул Източник на класификационната схема Код за повреда Коз за рестрикции Код за отдаване Артикулен № Име на библиотеката - собственик Име на библиотеката, в която се намира в момента Статус (Текущо местоположение) Дата на вписване в системата Местоположение - отдел Цена в лева Систематично азбучна сигнатура Баркод Цена в евро Служебен тип на артикула
  Не е изгубен Universal Decimal Classification Не е повреден само за читалня ползва се в читалня 875999 Регионална библиотека "Любен Каравелов" Русе Регионална библиотека "Любен Каравелов" Русе Краезнание 2022-03-16 Краезнание 1.00 К 78/Д 96 120000868670 0.51 Книги
Vip Innovations Ltd, Rousse, Bulgaria 2025